[Event "17th Pobeskydi Hamont Cup"]
[Site "Frydek Mistek CZE"]
[Date "2006.04.17"]
[Round "9"]
[White "Bromann,T"]
[Black "Carstensen,J"]
[Result "1/2-1/2"]
[WhiteElo "2384"]
[BlackElo "2278"]

1.d4 Nf6 2.c4 e6 3.Nf3 b6 4.g3 Ba6 5.b3 Bb4+ 6.Bd2 Be7 7.Bg2 d5 8.Nc3 O-O
9.O-O Nbd7 10.cxd5 Nxd5 11.Qc2 c5 12.Rfd1 Rc8 13.Qb2 Bf6 14.Nxd5 exd5 15.Bc3 Re8
16.e3 c4 17.Nd2 Nb8 18.Rac1 cxb3 19.Qxb3 Bc4 20.Nxc4 dxc4  1/2-1/2

[Event "XIII TCh-RUS 1st League"]
[Site "Sochi RUS"]
[Date "2006.04.22"]
[Round "3"]
[White "Shkurikhin,I"]
[Black "Smirnov,Arte"]
[Result "1/2-1/2"]
[WhiteElo "2279"]
[BlackElo "2392"]

1.d4 Nf6 2.Nf3 e6 3.c4 b6 4.g3 Ba6 5.b3 Bb4+ 6.Bd2 c5 7.Bg2 Bb7 8.Bxb4 cxb4
9.a3 bxa3 10.Nxa3 a6 11.O-O O-O 12.Re1 d6 13.Nb1 Qc7 14.Nbd2 Nc6 15.Qc2 e5
16.dxe5 dxe5 17.Ng5 h6 18.Nge4 Nxe4 19.Nxe4 f5 20.Nc3 Nb4 21.Qd2 Bxg2 22.Kxg2 Rad8
23.Nd5 Nxd5 24.cxd5 Qb7 25.Rad1 e4 26.Qd4 Rd6 27.Rd2 Re8 28.e3 Qf7 29.Ra1 a5
30.b4 Red8 31.Qc3 f4 32.exf4 Rxd5 33.Re2 Rd3 34.Qc6 axb4 35.Qxb6 Qd5 36.Qxb4 e3+
37.f3 Rd2 38.Re1 Qa2 39.Qb5 Qc2 40.Kh3 Qc8+ 41.g4 Qc2 42.f5 Kh7 43.Kg3 Qc7+
44.f4 R2d5 45.Qb1 Rd4 46.Rf1 Rb8 47.Qe1 Rbb4 48.Kh3 Rxf4 49.Qg3 h5 50.Rxf4 Qxf4
51.Qxf4  1/2-1/2

[Event "TCh-HUN 2005-6"]
[Site "Hungary HUN"]
[Date "2006.04.23"]
[Round "11"]
[White "Gyimesi,Z"]
[Black "Balogh,C"]
[Result "1-0"]
[WhiteElo "2614"]
[BlackElo "2576"]

1.d4 Nf6 2.c4 e6 3.Nf3 b6 4.g3 Ba6 5.Qb3 c5 6.d5 exd5 7.cxd5 g6 8.Bg2 Bg7
9.Qe3+ Qe7 10.Nc3 d6 11.O-O Nbd7 12.Re1 b5 13.a3 Ng4 14.Qxe7+ Kxe7 15.Bg5+ Bf6
16.Bxf6+ Kxf6 17.Nd2 Rab8 18.Bh3 h5 19.f3 Nge5 20.f4 Ng4 21.a4 b4 22.Nb5 Nb6
23.Bxg4 hxg4 24.Nxd6 Rbd8 25.e4 Nxd5 26.exd5 Rxd6 27.Ne4+ Ke7 28.Nxc5+ Kd8
29.Rad1 Bc8 30.Re4 a5 31.Nb3 Ra6 32.Rc1 Bf5 33.Re2 Ra7 34.Rc5 Bd7 35.Rxa5 Rxa5
36.Nxa5 Bxa4 37.Re4 Bd7 38.Rxb4 Ke7 39.Nc4 Rc8 40.b3 Kd8 41.Rb7 Bf5 42.d6 Be6
43.Nb6 Rc1+ 44.Kf2  1-0

[Event "XXIV Open"]
[Site "Metz FRA"]
[Date "2006.04.25"]
[Round "4"]
[White "Del Rio Angelis,S"]
[Black "Bruned,Y"]
[Result "1/2-1/2"]
[WhiteElo "2516"]
[BlackElo "2325"]

1.d4 Nf6 2.c4 e6 3.Nf3 b6 4.g3 Ba6 5.Nbd2 d5 6.Bg2 Be7 7.O-O O-O 8.Qc2 Bb7
9.cxd5 exd5 10.Ne5 c5 11.b3 cxd4 12.Bb2 Bc5 13.Ndf3 Qe7 14.Qd1 Ne4 15.Bxd4 f6
16.Nd3 Nc6 17.Nxc5 bxc5 18.Bb2 d4 19.Nd2  1/2-1/2

[Event "XIII TCh-RUS 1st League"]
[Site "Sochi RUS"]
[Date "2006.04.26"]
[Round "7"]
[White "Ionov,S"]
[Black "Baklan,V"]
[Result "1/2-1/2"]
[WhiteElo "2519"]
[BlackElo "2606"]

1.d4 Nf6 2.c4 e6 3.Nf3 b6 4.g3 Ba6 5.b3 Bb7 6.Bg2 Bb4+ 7.Bd2 a5 8.O-O O-O
9.Nc3 d6 10.Qc2 Nbd7 11.Rfd1 Qe7 12.Re1 c5 13.e4 cxd4 14.Nxd4 Bc5 15.Ndb5 Ng4
16.Rf1 g6 17.h3 Nxf2 18.Rxf2 e5 19.Ne2 f5 20.Rf1 fxe4 21.Be1 Rf3 22.Kh2 Raf8
23.Ng1 Bxf2 24.Rxf2 Nc5 25.Re2 Rd3 26.Nc3 e3 27.Nd5 Qg5 28.h4 Qh6 29.Nh3 Kh8
30.Ng5 Qh5 31.Nxe3 Bxg2 32.Nxg2 Qg4 33.Ne4 Rff3 34.Nxc5 bxc5 35.Rd2 e4 36.Rxd3 exd3
37.Qc3+ Kg8 38.Qxa5 Qe6 39.Qd2 Qe4 40.a4 Qd4 41.a5 Rf1 42.Ne3 Rf7 43.Bf2 Qe4
44.Kg1 Qd4 45.Nd1 Qe4 46.Ne3 Qd4 47.a6 Qa1+ 48.Kg2 Qb1 49.Qa5 Qb2 50.Nd1 Qxb3
51.Qd8+ Rf8 52.Qxd6 Qxd1 53.Qe6+ Kg7 54.Qe5+ Rf6 55.Qe7+ Rf7 56.Qe5+ Rf6  1/2-1/2

[Event "4th TCh-SCG"]
[Site "Vrnjacka Banja SCG"]
[Date "2006.05.02"]
[Round "2"]
[White "Vukic,R"]
[Black "Kostic,Brani"]
[Result "0-1"]
[WhiteElo "2269"]
[BlackElo "2267"]

1.d4 Nf6 2.Nf3 e6 3.c4 b6 4.g3 Ba6 5.b3 Bb4+ 6.Bd2 Be7 7.Bg2 c6 8.Bc3 d5
9.Ne5 Nfd7 10.Nxd7 Nxd7 11.Nd2 Rc8 12.e4 O-O 13.O-O b5 14.Re1 dxc4 15.bxc4 Nb6
16.Rb1 b4 17.Bxb4 Bxb4 18.Rxb4 Qxd4 19.Qc2 c5 20.Rb3 Rfd8 21.Nf3 Qxc4 22.Qb1 Qa4
23.e5 h6 24.Qc1 Bd3 25.Ra3 Qb4 26.Rxa7 c4 27.a3 Qc5 28.Qf4 Bg6 29.Nh4 Nd5
30.Bxd5 Qxa7 31.Bxe6 fxe6 32.Nxg6 Qf7 33.Qg4 c3 34.Nf4 c2 35.Rc1 Rd2 36.Ne2 h5
37.Qe4 Qf5 38.Qxf5 exf5 39.Kf1 Rd1+ 40.Kg2 Rxc1 41.Nxc1 Rd8  0-1

[Event "May Roses Cup"]
[Site "Bucharest ROM"]
[Date "2006.05.08"]
[Round "4"]
[White "Pedersen,Nic"]
[Black "Hermansson,E"]
[Result "1/2-1/2"]
[WhiteElo "2517"]
[BlackElo "2441"]

1.Nf3 Nf6 2.c4 b6 3.d4 e6 4.g3 Ba6 5.Qa4 c5 6.Bg2 Bb7 7.dxc5 Bxc5 8.O-O O-O
9.Nc3 Be7 10.Rd1 Na6 11.Bf4 Nc5 12.Qc2 Nce4 13.Ne5 Nxc3 14.Qxc3 Qc8 15.Rac1 Rd8
16.Qb3 h6 17.h3 Bxg2 18.Kxg2 Qa6 19.Nf3  1/2-1/2

[Event "1st Open"]
[Site "Sofia BUL"]
[Date "2006.05.12"]
[Round "2"]
[White "Vasilev,M"]
[Black "Todorov,Ml"]
[Result "1/2-1/2"]
[WhiteElo "2460"]
[BlackElo "2192"]

1.d4 Nf6 2.c4 e6 3.Nf3 b6 4.g3 Ba6 5.b3 Bb4+ 6.Bd2 Be7 7.Bg2 c6 8.Nc3 d5
9.Ne5 Nfd7 10.Nxd7 Nxd7 11.O-O O-O 12.a4 Rc8 13.cxd5 cxd5 14.Nb5 Nf6 15.Nxa7 Rc7
16.Nb5 Bxb5 17.axb5 Qd7 18.Bf4 Rc3 19.Bd2 Rc7 20.Bf4 Rc3 21.Rc1 Rxc1 22.Qxc1 Rc8
23.Qa1 Qxb5 24.Rc1 Rxc1+ 25.Qxc1 h6 26.Qc8+ Kh7 27.Qc2+ g6 28.Bf1 Qb4 29.Qc7 Ne4
30.f3 Nf6 31.Be5 Ng8 32.Kg2 Qxb3 33.Qd7 Qb4 34.Qe8 f6 35.Qf7+ Kh8 36.Qxg6 fxe5
37.dxe5 Qd4 38.Qxe6 Bc5 39.Kh3 Qf2 40.Bg2 Qxe2 41.Qxd5 Qe3 42.f4 Qd4 43.Qe6 Qd1
44.Qf7 h5 45.Qe6 Be7 46.Qg6 Qe2 47.Be4 Qf1+ 48.Bg2 Qe2 49.Be4 Qf1+ 50.Bg2 Qe2
51.Be4  1/2-1/2

[Event "I Magistral"]
[Site "Guarapari BRA"]
[Date "2006.05.29"]
[Round "8"]
[White "Asfora,M"]
[Black "Crosa,M"]
[Result "0-1"]
[WhiteElo "2285"]
[BlackElo "2449"]

1.d4 Nf6 2.c4 e6 3.Nf3 b6 4.g3 Ba6 5.b3 Bb4+ 6.Bd2 Be7 7.Nc3 d5 8.Bg2 c6
9.Ne5 Nfd7 10.Nxd7 Nxd7 11.cxd5 cxd5 12.O-O O-O 13.Bc1 Rc8 14.Bb2 Bb4 15.Rc1 Qe7
16.Rc2 f5 17.f4 Nf6 18.h3 Rc7 19.Qa1 Rfc8 20.Rfc1 Qe8 21.a3 Bxc3 22.Bxc3 Qg6
23.Qb2 Qxg3 24.Bd2 Rxc2 25.Rxc2 Rxc2 26.Qxc2 Bxe2 27.Qc3 Qxc3 28.Bxc3 h6
29.Kf2 Bd1 30.b4 g5 31.fxg5 hxg5 32.Bd2 f4 33.Ke1 Bc2 34.h4 gxh4 35.Bxf4 Be4
36.Bf1 Nh7 37.b5 Nf8 38.Bb8 Nd7 39.Bxa7 Kf7 40.a4 Ke7 41.a5 bxa5 42.b6 Kd6
43.Bb5 Nxb6 44.Bb8+ Ke7 45.Kf2 Nc4 46.Bc7 Nd6 47.Ba4 Nf5 48.Bxa5 Nxd4 49.Ke3 e5
50.Bc7 Ke6 51.Kf2 Nf5 52.Kg1 d4 53.Bb3+ Bd5 54.Bd1 Ne3 55.Be2 Kf5 56.Bd8 Bc4
57.Bxc4 Nxc4 58.Bxh4 Kg4  0-1

[Event "81st ch-ARG"]
[Site "San Luis ARG"]
[Date "2006.05.30"]
[Round "5"]
[White "Blit,J"]
[Black "Flores,Di"]
[Result "0-1"]
[WhiteElo "2246"]
[BlackElo "2494"]

1.d4 Nf6 2.Nf3 e6 3.c4 b6 4.g3 Ba6 5.b3 Bb4+ 6.Bd2 Be7 7.Bg2 O-O 8.O-O d5
9.Ne5 c6 10.Bc3 Nfd7 11.Nxd7 Nxd7 12.Nd2 Rc8 13.e4 dxc4 14.bxc4 b5 15.cxb5 cxb5
16.Bb2 Nb6 17.Qb3 Na4 18.Rad1 Qa5 19.Ba1 b4 20.Bb2 Nc3 21.Ra1 Bxf1 22.Bxf1 Qb6
23.Nf3 Nxe4 24.Re1 Nc3 25.Bc4 Kh8 26.Bd3 Qc6  0-1

[Event "White Nights Open"]
[Site "St Petersburg RUS"]
[Date "2006.06.01"]
[Round "9"]
[White "Kuzmin,Yuriy"]
[Black "Kryschilovskij,A"]
[Result "0-1"]
[WhiteElo "2114"]
[BlackElo "2347"]

1.d4 Nf6 2.c4 e6 3.Nf3 b6 4.g3 Ba6 5.b3 Bb4+ 6.Bd2 Be7 7.Bg2 c6 8.O-O O-O
9.Nc3 d5 10.cxd5 cxd5 11.Ne5 Bb7 12.Rc1 Nbd7 13.Nxd7 Qxd7 14.Rc2 Rac8 15.Qb1 b5
16.Rfc1 h6 17.Qb2 Bd6 18.e3 a6 19.b4 Qe7 20.a3 Rcd8 21.f4 Nd7 22.a4 Nb6 23.axb5 Nc4
24.Qb3 Nxd2 25.Rxd2 Bxb4 26.Bf1 a5 27.Rdc2 g5 28.Na4 Bd6 29.Nc5 gxf4 30.gxf4 Kh8
31.Qa2 Rg8+ 32.Rg2 Rxg2+ 33.Bxg2 Rg8 34.Qxa5 Bc8 35.Nd3 f6 36.Kh1 Qh7 37.Qd2 h5
38.b6 h4 39.Bf3 Bd7 40.Nc5 Be8 41.Nxe6 Bg6 42.Nc5 h3 43.Rg1 Re8 44.Qf2 Bf5
45.b7 Rb8 46.Qb2 Qe7 47.Qf2 Qh7 48.Qb2 Rf8 49.Rg3 Qc7 50.Na6 Qa5 51.b8=Q Bxb8
52.Nxb8 Qe1+ 53.Rg1 Qxe3 54.Rf1 Re8 55.Qc1 Bd3  0-1

[Event "Summer-1"]
[Site "Alushta UKR"]
[Date "2006.06.05"]
[Round "6"]
[White "Tishin,D"]
[Black "Shtyrenkov,V"]
[Result "1/2-1/2"]
[WhiteElo "2316"]
[BlackElo "2416"]

1.d4 Nf6 2.c4 e6 3.Nf3 b6 4.g3 Ba6 5.Qa4 c5 6.dxc5 Bxc5 7.Bg2 Bb7 8.O-O O-O
9.Nc3 Be7 10.Rd1 Na6 11.Qc2 Nc5 12.b3 d6 13.Bf4 a6  1/2-1/2

[Event "ch-StP"]
[Site "St Petersburg RUS"]
[Date "2006.06.06"]
[Round "4"]
[White "Ionov,S"]
[Black "Zacurdajev,M"]
[Result "1/2-1/2"]
[WhiteElo "2519"]
[BlackElo "2400"]

1.d4 e6 2.c4 Nf6 3.Nf3 b6 4.g3 Ba6 5.b3 d5 6.cxd5 exd5 7.Bg2 Bb4+ 8.Bd2 Bd6
9.Nc3 O-O 10.O-O Nbd7 11.Bf4 Qe7 12.Rc1 c6 13.Bxd6 Qxd6 14.Rc2 Ne4 15.Nxe4 dxe4
16.Nd2 f5 17.Nc4 Qe6 18.Qc1 c5 19.Rd1 cxd4 20.Rxd4 Ne5 21.Nd6 Qf6 22.Rd1 Rad8
23.Rcd2  1/2-1/2

[Event "28th Nezhmetdinov mem"]
[Site "Kazan RUS"]
[Date "2006.06.09"]
[Round "9"]
[White "Askarov,M"]
[Black "Bocharov,D"]
[Result "1-0"]
[WhiteElo "2438"]
[BlackElo "2559"]

1.d4 Nf6 2.c4 e6 3.Nf3 b6 4.g3 Ba6 5.Qa4 Bb7 6.Bg2 c5 7.dxc5 Bxc5 8.O-O O-O
9.Nc3 Na6 10.Bf4 Be7 11.Rad1 Nc5 12.Qc2 a5 13.Rfe1 Nfe4 14.Nb5 Rc8 15.Nfd4 d6
16.Nb3 f5 17.f3 g5 18.Nxc5 Rxc5 19.Be3 Rxb5 20.cxb5 Nc5 21.Bd4 Qe8 22.a4 Qg6
23.e4 f4 24.Bxc5 bxc5 25.gxf4 Rxf4 26.Qd2 e5 27.Qxa5 g4 28.fxg4 Rxg4 29.Qd2 Bxe4
30.Rxe4 Qxe4 31.h3 Rg3 32.Kh2 Qh4 33.b6 Kh8 34.b7 Rb3 35.Rf1 e4 36.Qc3+  1-0

[Event "Summer-1"]
[Site "Alushta UKR"]
[Date "2006.06.12"]
[Round "15"]
[White "Shtyrenkov,V"]
[Black "Tishin,D"]
[Result "1/2-1/2"]
[WhiteElo "2416"]
[BlackElo "2316"]

1.d4 Nf6 2.c4 e6 3.Nf3 b6 4.g3 Ba6 5.b3 Be7 6.Bg2 Bb7 7.O-O O-O 8.Bb2 d5
9.Ne5 Nbd7 10.Nc3 c5 11.cxd5 exd5 12.Nd3 Rc8  1/2-1/2

[Event "10th Heraclion Open"]
[Site "Athens GRE"]
[Date "2006.06.14"]
[Round "5"]
[White "Kalpakas,G"]
[Black "Draci,R"]
[Result "1-0"]
[WhiteElo "2009"]
[BlackElo "2209"]

1.d4 Nf6 2.Nf3 e6 3.c4 b6 4.g3 Ba6 5.Nbd2 Bb7 6.Bg2 c5 7.O-O Be7 8.b3 Ne4
9.Bb2 O-O 10.Qc2 f5 11.dxc5 Nxd2 12.Qxd2 bxc5 13.Rad1 d6 14.Qe3 Qc8 15.Ng5 Bxg2
16.Kxg2 e5 17.Qf3 Qc6 18.Ne6 Qxf3+ 19.exf3 Rc8 20.f4 Kf7 21.Ng5+ Kg6 22.Nh3 Nc6
23.fxe5 dxe5 24.Rfe1 Bf6 25.Rd6 Kf7 26.Ba3 Nd4 27.Rc1 a5 28.Rd5 Ne6 29.f4 a4
30.b4 cxb4 31.Bxb4 Nc7 32.Rd7+ Ke8 33.Rcd1 exf4 34.Nxf4 Rd8 35.Rxd8+ Rxd8
36.Re1+ Kf7 37.Nh5 Na6 38.Ba5 Rc8 39.Nxf6 Kxf6 40.Rb1 Ke5 41.Rb6 Nc5 42.Bc3+ Ke4
43.Bxg7 f4 44.Rf6 Nd3 45.Re6+ Kf5 46.Rf6+ Kg5 47.Rd6 Ne1+ 48.Kf2 fxg3+ 49.Kxe1 gxh2
50.Rh6 Rc7 51.Rxh7 Rxg7 52.Rxh2 Rc7 53.Rc2 Kf4 54.Kd2 Ke4 55.Kc3 Ke3 56.Rb2 a3
57.Rb8 Ra7 58.Re8+ Kf4 59.c5 Rb7 60.Ra8 Ke4 61.Kc4 Rb2 62.Rxa3 Rc2+ 63.Rc3 Rxa2
64.c6 Ke5 65.c7  1-0

[Event "2nd Goran"]
[Site "Bibinje CRO"]
[Date "2006.06.16"]
[Round "9"]
[White "Biliskov,V"]
[Black "Farago,I"]
[Result "0-1"]
[WhiteElo "2324"]
[BlackElo "2534"]

1.Nf3 Nf6 2.d4 e6 3.c4 b6 4.g3 Ba6 5.b3 d5 6.cxd5 exd5 7.Bg2 Bd6 8.Nc3 O-O
9.O-O Nbd7 10.Bb2 Re8 11.Qc2 Rc8 12.Rfd1 c6 13.e3 Qe7 14.Nd2 c5 15.Qf5 cxd4
16.exd4 g6 17.Qg5 h6 18.Qh4 Bb4 19.Rac1 Kg7 20.Bf1 Bxf1 21.Nxf1 Qe6 22.Qf4 Bxc3
23.Bxc3 Qe2 24.Bd2 g5 25.Qf5 Qe4 26.Ne3 Qxf5 27.Nxf5+ Kh7 28.h4 Rxc1 29.Rxc1 Kg6
30.Ne3 gxh4 31.gxh4 Re4 32.Rc7 Rxd4 33.Bc3 Rxh4 34.Rxa7 d4 35.Ng2 Rg4 36.Bd2 Ne5
37.Kf1 Nf3 38.Bc1 h5 39.Nf4+ Kf5 40.Rxf7 Rg1+ 41.Ke2 Ne5 42.Rf8 Rxc1 43.Nxh5 d3+
44.Ke3 Re1+ 45.Kd2 Re2+ 46.Kd1 Nd7 47.Ng3+ Ke5 48.Rxf6 Nxf6 49.Nxe2 dxe2+
50.Kxe2 Kd4 51.f3 Nd5 52.Kd2 Nc3 53.a4 Nd5 54.Kc2 Nb4+ 55.Kb2 Nd3+ 56.Ka3 Kc5
57.a5 b5 58.a6 Kb6 59.b4 Kxa6 60.Kb3 Nf4 61.Kc3 Nd5+  0-1

[Event "Open A"]
[Site "Balatonlelle HUN"]
[Date "2006.06.18"]
[Round "2"]
[White "Kragelj,I"]
[Black "Papp,Ga"]
[Result "0-1"]
[WhiteElo "2260"]
[BlackElo "2482"]

1.d4 Nf6 2.c4 e6 3.Nf3 b6 4.g3 Ba6 5.b3 Bb4+ 6.Bd2 Be7 7.Bg2 c6 8.Bc3 d5
9.Ne5 Nfd7 10.Nxd7 Nxd7 11.Nd2 O-O 12.O-O Rb8 13.Bb2 b5 14.c5 e5 15.dxe5 Nxc5
16.Qc2 b4 17.Nf3 Ne6 18.a3 Qb6 19.axb4 Bxb4 20.Rfc1 c5 21.Ba3 Bxa3 22.Rxa3 c4
23.bxc4 Bxc4 24.e3 a5 25.h4 Bb3 26.Qd2 a4 27.Bh3 Nc5 28.Nd4 Bc4 29.Bf1 Nb3
30.Nxb3 axb3 31.Qb2 Qb5 32.Rca1 Rfc8 33.Bh3 Rc7 34.Bf5 g6 35.Bb1 d4 36.exd4 Bd5
37.Ra5 Qc4 38.Bd3 Qxd3 39.Rxd5 Rc2 40.Qb1 b2 41.Ra3 Qxa3  0-1

[Event "Open A"]
[Site "Balatonlelle HUN"]
[Date "2006.06.21"]
[Round "5"]
[White "Repasi,Z1"]
[Black "Maringer,W"]
[Result "0-1"]
[WhiteElo "2221"]
[BlackElo "2090"]

1.d4 Nf6 2.c4 e6 3.Nf3 b6 4.g3 Ba6 5.b3 Bb4+ 6.Bd2 Be7 7.Bg2 c6 8.Bc3 d5
9.Nbd2 Nbd7 10.O-O Rc8 11.Bb2 O-O 12.Ne5 Nxe5 13.dxe5 Nd7 14.e4 dxc4 15.Nxc4 Bxc4
16.bxc4 Qc7 17.f4 Rfd8 18.Qe2 Nf8 19.Rad1 Rxd1 20.Rxd1 Rd8 21.h3 Bc5+ 22.Kh2 Rxd1
23.Qxd1 b5 24.Qc2 Qe7 25.Qd3 b4 26.Bf3 Qd7 27.Qd1 a5 28.Kg2 Be3 29.f5 Qd2+
30.Qxd2 Bxd2 31.Bd1 Bc3 32.Bxc3 bxc3 33.Kf3 Nd7 34.Ke3 c5 35.Kd3 Nxe5+ 36.Kxc3 Nd7
37.Ba4 Nb6 38.Bb5 Kf8 39.g4 Ke7 40.e5 f6 41.exf6+ Kxf6 42.fxe6 Kxe6 43.Kd3 Ke5
44.Ke3 g5 45.Ba6 Nd7 46.Bc8 Nb6 47.Ba6 Na4 48.Bb5 Nc3 49.a3 Nb1 50.Kd3 Nxa3
51.Be8 Kf4 52.Kc3 Ke3 53.Kb3 Nb1 54.Ka4 Kd4 55.Kxa5 Kxc4 56.Kb6 Kd4 57.Kc6 c4
58.Kd6 Ke4 59.Ke6 Kf4 60.Kf6 h6  0-1

[Event "Open A"]
[Site "Balatonlelle HUN"]
[Date "2006.06.23"]
[Round "7"]
[White "Eperjesi,L"]
[Black "Kozma,E"]
[Result "1-0"]
[WhiteElo "2268"]
[BlackElo "2103"]

1.d4 Nf6 2.c4 e6 3.Nf3 b6 4.g3 Ba6 5.Qa4 Be7 6.Bg2 Bb7 7.O-O O-O 8.Nc3 Ne4
9.Nxe4 Bxe4 10.Rd1 d5 11.Ne1 Bxg2 12.Nxg2 dxc4 13.Qxc4 c5 14.Be3 cxd4 15.Rxd4 Qc8
16.Rc1 Qxc4 17.Rdxc4 Bf6 18.b4 Nd7 19.Ne1 Ne5 20.Rc7 Ng4 21.Bd2 Rfd8 22.R1c2 Bd4
23.e3 Be5 24.R7c4 h5 25.h3 Nf6 26.Nf3 Nd7 27.a4 g6 28.Kg2 Bf6 29.Rc7 Ne5
30.Nd4 g5 31.b5 a6 32.f4 gxf4 33.exf4 Nd3 34.Nc6 Re8 35.a5 bxa5 36.b6 Nb4
37.Nxb4 axb4 38.b7 Rab8 39.Bxb4 Red8 40.Bc5  1-0

[Event "ch-CHN w"]
[Site "Wuxi CHN"]
[Date "2006.06.25"]
[Round "1"]
[White "Ju Wenjun"]
[Black "Li Ruofan"]
[Result "1/2-1/2"]
[WhiteElo "2330"]
[BlackElo "2391"]

1.d4 Nf6 2.Nf3 e6 3.c4 b6 4.g3 Ba6 5.b3 Bb7 6.Bg2 Bb4+ 7.Bd2 a5 8.O-O O-O
9.Qc2 d6 10.Re1 Be4 11.Qb2 Nbd7 12.a3 Bxd2 13.Nbxd2 Bb7 14.e4 e5 15.d5 c6
16.Nh4 cxd5 17.exd5 g6 18.Rad1 Qc7 19.b4 Rae8 20.Qb3 Re7 21.Nhf3 Rfe8 22.h4 axb4
23.axb4 b5 24.Nh2 Nb6 25.c5 Nbxd5 26.cxd6 Qxd6 27.Ne4 Nxe4 28.Bxe4 Rd8 29.Ng4 Kg7
30.Ne3 Qxb4 31.Bxd5 Qxb3 32.Bxb3 Rxd1 33.Rxd1 Bf3 34.Rc1 f5 35.Nd5 Rd7 36.Rc7 Rxc7
37.Nxc7 Be2 38.Nd5 g5 39.Nc3 Bd3 40.Kg2 e4 41.Nd5 Kg6 42.Kg1 Be2 43.Kg2 h6  1/2-1/2

[Event "ITT Club Argentino"]
[Site "Buenos Aires ARG"]
[Date "2006.07.01"]
[Round "11"]
[White "Granara Barreto,S"]
[Black "Real de Azua,E"]
[Result "1-0"]
[WhiteElo "2273"]
[BlackElo "2388"]

1.d4 Nf6 2.Nf3 e6 3.c4 b6 4.g3 Ba6 5.b3 d5 6.Bg2 dxc4 7.Ne5 Bb4+ 8.Kf1 Bd6
9.Nxc4 Nd5 10.Bf3 f5 11.Kg2 Bb7 12.Qd3 Be7 13.a3 O-O 14.Nc3 Bf6 15.Bb2 Qd7
16.Rhd1 Nc6 17.Nxd5 exd5 18.Ne5 Bxe5 19.dxe5 Ne7 20.e6 Qd8 21.Qd4 Rf6 22.Qe3 Rg6
23.Qe5 Qc8 24.Kg1 c5 25.Bh5 d4 26.Bxg6 Nxg6 27.Qd6 Qe8 28.b4 Qb5 29.e7 Re8
30.Qe6+ Kh8 31.a4  1-0

[Event "II Balazs-Diak Cup U-18"]
[Site "Balatonlelle HUN"]
[Date "2006.07.02"]
[Round "2"]
[White "Fodor,I2"]
[Black "Rombaldoni,D"]
[Result "1/2-1/2"]
[WhiteElo "2214"]
[BlackElo "2322"]

1.d4 Nf6 2.c4 e6 3.Nf3 b6 4.g3 Ba6 5.b3 Bb4+ 6.Bd2 Be7 7.Bg2 c6 8.Bc3 d5
9.Nbd2 O-O 10.O-O Nbd7 11.Re1 b5 12.c5 Qc7 13.b4 Rad8 14.Qc2 h6 15.a4 Ra8
16.a5 Rad8 17.Ne5 Nxe5 18.dxe5 Nh7 19.Nf3 f5 20.Nd4 Bc8 21.f4 Qd7 22.e3 Qe8
23.Qe2 Bd7  1/2-1/2

[Event "Open"]
[Site "Marseille FRA"]
[Date "2006.07.03"]
[Round "4"]
[White "Jedynak,R"]
[Black "Fedorchuk,S"]
[Result "1/2-1/2"]
[WhiteElo "2444"]
[BlackElo "2576"]

1.d4 Nf6 2.c4 e6 3.Nf3 b6 4.g3 Ba6 5.b3 b5 6.cxb5 Bxb5 7.Bg2 Bc6 8.O-O a5
9.Nc3 Bb4 10.Qc2 Qc8 11.Bg5 O-O 12.Bxf6 gxf6 13.d5 Bxc3 14.Qxc3 Bxd5 15.Qxf6 Qd8
16.Qh6 f6 17.Rfd1 Qe7 18.Rac1 Na6 19.Qd2 a4 20.bxa4 c5 21.Qe3 Qf7 22.a3 Bc6
23.Rd6 Qe7 24.Qd3 Rf7 25.Nd2 Bxg2 26.Kxg2 Nc7 27.Rxc5 Ne8 28.Nc4 Nxd6 29.Nxd6 Rff8
30.a5 Ra7 31.a6 f5 32.Ra5 Qd8 33.Ra4 Qb6 34.f3 Qc6 35.Rc4 Qxa6 36.Qd2 Raa8
37.Rh4 Rf6 38.Nc4 d5 39.Ne5 Qb7 40.Rb4 Qc7 41.Qb2 Rff8 42.Nd7 Qxd7 43.Rb7 Qxb7
44.Qxb7 Rxa3 45.Qc6 Re3 46.Kf2 d4 47.Qd7 e5 48.h4 f4 49.g4 Rb8 50.Qe6+ Kg7
51.Qa2 Kf8 52.h5 d3 53.Qa3+ Ke8 54.exd3 Rd8 55.Qa4+ Ke7 56.Qb4+ Ke6 57.Qc4+ Ke7
58.Qc5+ Ke6 59.Qc6+ Ke7 60.Qc5+ Ke6 61.Qc6+ Ke7 62.Qc5+ Ke6  1/2-1/2

[Event "56th ch-RUS w Top League"]
[Site "Orel RUS"]
[Date "2006.07.04"]
[Round "6"]
[White "Shumiakina,T"]
[Black "Malysheva,P"]
[Result "0-1"]
[WhiteElo "2341"]
[BlackElo "2298"]

1.d4 Nf6 2.c4 e6 3.Nf3 b6 4.g3 Ba6 5.Nbd2 Bb7 6.Bg2 Be7 7.O-O O-O 8.b3 d5
9.cxd5 exd5 10.Ne5 c5 11.dxc5 bxc5 12.Bb2 Na6 13.Rc1 Rb8 14.a3 Qb6 15.e3 Rfd8
16.Qc2 Qe6 17.Rfe1 Bd6 18.Nd3 Re8 19.h3 h5 20.Qd1 h4 21.gxh4 Qf5 22.Bxf6 Qxf6
23.Qg4 Qh6 24.Qg5 Qh7 25.Nf4 Re5 26.Qg3 Rf5 27.Nf3 Qh6 28.Ng5 Bc8 29.Red1 Nc7
30.b4 f6 31.bxc5 Bxf4 32.exf4 fxg5 33.fxg5 Qc6 34.Bxd5+ Nxd5 35.Qxb8 Nf4
36.f3 Rf8 37.Qb3+ Be6 38.Qe3 Nxh3+ 39.Kh2 Rxf3 40.Rd8+ Kf7 41.g6+ Kxg6 42.Qxe6+ Qxe6
43.Rd6 Nf4 44.Rc4 Qxd6 45.cxd6 Rh3+ 46.Kg1 Ne6 47.Ra4 Rd3 48.Rxa7 Rxd6 49.Kf2 Kh5
50.Ra4 Rd4 51.Ra6 Nc5 52.Ra5 Rd5 53.Ra7 g6 54.Rh7+ Kg4 55.Rh6 Nd3+ 56.Ke3 Nf4
57.Ke4 Ra5 58.Rh8 Rxa3 59.Ke5 Ra6 60.Rf8 Re6+ 61.Kd4 Ng2 62.Kd5 Re2 63.Kd4 Nxh4
64.Kd3 Re7 65.Rf1 Nf3 66.Ra1 g5  0-1

[Event "FSGM July"]
[Site "Budapest HUN"]
[Date "2006.07.06"]
[Round "6"]
[White "Le Quang,K"]
[Black "Pedersen,Nic"]
[Result "1/2-1/2"]
[WhiteElo "2315"]
[BlackElo "2513"]

1.d4 Nf6 2.Nf3 e6 3.c4 b6 4.g3 Ba6 5.b3 b5 6.cxb5 Bxb5 7.Bg2 Bb4+ 8.Bd2 a5
9.O-O d5 10.a3 Bd6 11.Nc3 Ba6 12.Re1 O-O 13.Bg5 Nbd7 14.e4 dxe4 15.Nxe4 Ra7
16.Ne5 Nxe5 17.Nxf6+ gxf6 18.dxe5 fxg5 19.Qd4 Qb8 20.exd6 cxd6 21.Qe3 f6
22.Qxe6+ Rff7 23.Rad1 Bb7 24.Bf1 Ba6 25.Bh3 Qf8 26.Qd5 Kg7 27.Be6 Rfc7 28.h4 Rc5
29.Qd4 Rac7 30.hxg5 Bb7 31.gxf6+ Qxf6 32.Qxf6+ Kxf6 33.Rxd6 Kg7 34.g4 h5
35.Kh2 hxg4 36.Bxg4 Rc3 37.Bh5 Bc8 38.Rg1+ Kh8 39.Rd8+ Kh7 40.Bg6+ Kh6 41.Rh8+ Kg7
42.Rxc8 Rxc8 43.Bf5+ Kf6 44.Bxc8 Rxc8 45.Rg4 Rc5 46.Kg2 Rb5 47.b4 Rd5 48.bxa5 Rxa5
49.a4 Kf5 50.Rb4 Ke6 51.f4 Kf6 52.Kg3 Ke6 53.Kg4 Kf6 54.f5 Ra6 55.Kf4 Ra5
56.Rb6+ Kf7 57.Rb4 Kf6 58.Kg4 Ra6 59.Rf4 Ra5 60.Kf3 Re5 61.Kf2 Kg5 62.Kg3 Kf6
63.Kf3 Re1 64.Kg2 Re5 65.Kg3 Ra5 66.Kg4 Re5 67.Rc4 Ra5 68.Rc6+ Kf7 69.Kg5 Rxa4
70.Rc7+ Kg8 71.Kg6 Rg4+ 72.Kf6 Ra4 73.Rc8+ Kh7 74.Re8 Ra5 75.Re5 Ra6+ 76.Kf7 Ra7+
77.Re7 Ra5 78.f6 Ra8 79.Rd7 Ra1 80.Ke6+ Kg6 81.Rg7+ Kh6 82.Rd7 Kg6 83.Rg7+ Kh6
84.Rg8 Ra6+ 85.Ke5 Ra5+ 86.Ke4 Ra4+ 87.Kd5 Ra5+  1/2-1/2

[Event "WIM"]
[Site "Condom FRA"]
[Date "2006.07.09"]
[Round "2"]
[White "Kostiuk,T"]
[Black "Sasu Ducsoara,An"]
[Result "1/2-1/2"]
[WhiteElo "2255"]
[BlackElo "2246"]

1.d4 Nf6 2.Nf3 e6 3.c4 b6 4.g3 Ba6 5.Nbd2 Bb4 6.Qc2 Bb7 7.Bg2 Be4 8.Qb3 Bxd2+
9.Bxd2 O-O 10.O-O d6 11.Qe3 Nbd7 12.Bc3 Qe7 13.Bh3 Rfd8 14.Ng5 Bb7 15.d5 e5
16.f4 Re8 17.Bxd7 Nxd7 18.Qd3 e4 19.Qd4 Nf6 20.e3 b5 21.b3 Qd7 22.f5 h6 23.Nh3 Re5
24.Rf4 Rxf5 25.Raf1 Rxf4 26.Nxf4 bxc4 27.bxc4 Ba6 28.Ng2 Qe7 29.Nh4 Bc8 30.Rf4 Bh3
31.Qd1 Nd7 32.Qd4 Ne5 33.Qxe4 Re8 34.Qd4 Qd7 35.Rf2 c5 36.dxc6 Qxc6 37.Nf3 Qxc4
38.Nxe5 Qxd4 39.exd4 dxe5 40.dxe5 Rc8  1/2-1/2

[Event "Inautomarket Open"]
[Site "Minsk BLR"]
[Date "2006.07.10"]
[Round "1"]
[White "Smolich,P"]
[Black "Maiorov,N"]
[Result "0-1"]
[WhiteElo "2170"]
[BlackElo "2490"]

1.d4 Nf6 2.c4 e6 3.Nf3 b6 4.g3 Ba6 5.b3 Bb4+ 6.Bd2 Be7 7.Bg2 d5 8.cxd5 exd5
9.O-O O-O 10.Bf4 Bb7 11.Nc3 Na6 12.Ne5 c5 13.Rc1 Nc7 14.Nd3 Ne6 15.dxc5 bxc5
16.Na4 Rc8 17.Be3 Qa5 18.Bxc5 Nxc5 19.Naxc5 Rxc5 20.Nxc5 Bxc5 21.Rc2 Qb6
22.Qc1 Bd6 23.Rd1 h6 24.e3 Re8 25.a3 a5 26.b4 axb4 27.axb4 Re7 28.Qb1 h5
29.b5 h4 30.Rdc1 hxg3 31.hxg3 Re8 32.Bf3 g6 33.Qa1 Be5 34.Qa4 Kg7 35.Kg2 Ra8
36.Qb3 Ra5 37.Rb1 Ra8 38.Qd3 Ne4 39.Rb4 Ng5 40.Be2 d4+ 41.f3 Qe6 42.exd4 Qh3+
43.Kf2 Qxg3+ 44.Kf1 Rh8  0-1

[Event "COQ"]
[Site "Montreal CAN"]
[Date "2006.07.10"]
[Round "4"]
[White "Voskanyan,V"]
[Black "Kunte,A"]
[Result "0-1"]
[WhiteElo "2279"]
[BlackElo "2535"]

1.d4 Nf6 2.c4 e6 3.Nf3 b6 4.g3 Ba6 5.Nbd2 d5 6.cxd5 exd5 7.Bg2 Bd6 8.O-O O-O
9.Re1 Re8 10.Nh4 Nc6 11.Nf5 Bf8 12.Nf3 Bc8 13.Qc2 Nb4 14.Qb1 Ne4 15.Ne3 a5
16.a3 Nc6 17.Qc2 Bb7 18.b3 Nb8 19.Bb2 Na6 20.Rac1 Qf6 21.Ng4 Qe6 22.Nge5 Bd6
23.Nd2 c5 24.Nxe4 dxe4 25.Nc4 Bf8 26.Ne3 cxd4 27.Bxd4 Bxa3 28.Nc4 Rac8 29.Ra1 Bc5
30.Qb2 Bxd4 31.Qxd4 Nc5 32.Rab1 Ba6 33.Qe3 Bxc4 34.bxc4 Rc6 35.Rec1 g6 36.h4 h5
37.Kh2 Rd8 38.Bh3 Qf6 39.Bg2 Qd4 40.Rd1 Qxd1 41.Rxd1 Rxd1 42.f3 Re6 43.fxe4 Rd8
44.g4 hxg4 45.h5 Rde8 46.hxg6 Rxg6 47.Kg3 Nd7 48.e5 Nxe5 49.Bd5 Kg7 50.c5 bxc5
51.Qxc5 Rf6 52.Qxa5 Ng6 53.Qc3 Rxe2 54.Kxg4 Re5 55.Bxf7 Rxf7 56.Qb2 Rf4+
57.Kg3 Rf5 58.Qb6 Kh6 59.Qb8 Rf6  0-1

[Event "Inautomarket Open"]
[Site "Minsk BLR"]
[Date "2006.07.12"]
[Round "3"]
[White "Lutsko,I"]
[Black "Miroshnichenko,E"]
[Result "0-1"]
[WhiteElo "2452"]
[BlackElo "2616"]

1.Nf3 Nf6 2.c4 e6 3.d4 b6 4.g3 Ba6 5.b3 b5 6.cxb5 Bxb5 7.Nc3 Bb4 8.Bd2 Bc6
9.Bg2 O-O 10.O-O Qc8 11.Na4 a5 12.a3 Be7 13.Bg5 Bxa4 14.bxa4 d5 15.Ne5 h6
16.Bd2 Nfd7 17.e4 Nxe5 18.dxe5 d4 19.Qg4 Kh7 20.Rfc1 Nd7 21.f4 Rd8 22.Rc6 Ra6
23.Rxa6 Qxa6 24.Bf1 d3 25.Qf3 c5 26.Bc3 c4 27.f5 Nb6 28.Rd1 Nxa4 29.Be1 Nb2
30.Rd2 c3  0-1